000 00305nam a22001337a 4500
008 181024b xxu||||| |||| 00| 0 eng d
020 _a9780073295817
041 _aeng
080 _a334.7
100 _a55
101 _aMAN
245 _aFoundations Financial Management
_cBlock.S.B
942 _2udc
_cBK
999 _c50870
_d50870